<?xml version="1.0" encoding="UTF-8"?>
<record
    xmlns:xsi="http://www.w3.org/2001/XMLSchema-instance"
    xsi:schemaLocation="http://www.loc.gov/MARC21/slim http://www.loc.gov/standards/marcxml/schema/MARC21slim.xsd"
    xmlns="http://www.loc.gov/MARC21/slim">

  <leader>02394nam a22003257a 4500</leader>
  <controlfield tag="003">NALT</controlfield>
  <controlfield tag="005">20240202133238.0</controlfield>
  <controlfield tag="008">200619b        th ||||| |||| 00| 0 tha d</controlfield>
  <datafield tag="040" ind1=" " ind2=" ">
    <subfield code="a">NALT</subfield>
  </datafield>
  <datafield tag="090" ind1=" " ind2=" ">
    <subfield code="a">IS 10/2560 &#xE01;.1</subfield>
  </datafield>
  <datafield tag="110" ind1="2" ind2=" ">
    <subfield code="9">45635</subfield>
    <subfield code="a">&#xE19;&#xE31;&#xE01;&#xE28;&#xE36;&#xE01;&#xE29;&#xE32;&#xE2A;&#xE16;&#xE32;&#xE1A;&#xE31;&#xE19;&#xE1E;&#xE23;&#xE30;&#xE1B;&#xE01;&#xE40;&#xE01;&#xE25;&#xE49;&#xE32; &#xE2B;&#xE25;&#xE31;&#xE01;&#xE2A;&#xE39;&#xE15;&#xE23;&#xE01;&#xE32;&#xE23;&#xE1E;&#xE31;&#xE12;&#xE19;&#xE32;&#xE19;&#xE31;&#xE01;&#xE1A;&#xE23;&#xE34;&#xE2B;&#xE32;&#xE23;&#xE23;&#xE30;&#xE14;&#xE31;&#xE1A;&#xE2A;&#xE39;&#xE07; &#xE2A;&#xE33;&#xE2B;&#xE23;&#xE31;&#xE1A;&#xE02;&#xE49;&#xE32;&#xE23;&#xE32;&#xE0A;&#xE01;&#xE32;&#xE23;&#xE23;&#xE31;&#xE10;&#xE2A;&#xE20;&#xE32;&#xE2A;&#xE32;&#xE21;&#xE31;&#xE0D; &#xE23;&#xE38;&#xE48;&#xE19;&#xE17;&#xE35;&#xE48; 10 &#xE01;&#xE25;&#xE38;&#xE48;&#xE21;&#xE17;&#xE35;&#xE48; 1</subfield>
  </datafield>
  <datafield tag="245" ind1="1" ind2="0">
    <subfield code="a">&#xE01;&#xE32;&#xE23;&#xE1E;&#xE31;&#xE12;&#xE19;&#xE32;&#xE02;&#xE49;&#xE32;&#xE23;&#xE32;&#xE0A;&#xE01;&#xE32;&#xE23;&#xE23;&#xE31;&#xE10;&#xE2A;&#xE20;&#xE32;&#xE2A;&#xE32;&#xE21;&#xE31;&#xE0D;&#xE40;&#xE1E;&#xE37;&#xE48;&#xE2D;&#xE2A;&#xE19;&#xE31;&#xE1A;&#xE2A;&#xE19;&#xE38;&#xE19;&#xE01;&#xE32;&#xE23;&#xE1B;&#xE0F;&#xE34;&#xE1A;&#xE31;&#xE15;&#xE34;&#xE07;&#xE32;&#xE19;&#xE14;&#xE49;&#xE32;&#xE19;&#xE1B;&#xE23;&#xE30;&#xE0A;&#xE32;&#xE04;&#xE21;&#xE2D;&#xE32;&#xE40;&#xE0B;&#xE35;&#xE22;&#xE19; &#xE43;&#xE19;&#xE1A;&#xE23;&#xE34;&#xE1A;&#xE17;&#xE19;&#xE34;&#xE15;&#xE34;&#xE1A;&#xE31;&#xE0D;&#xE0D;&#xE31;&#xE15;&#xE34; / </subfield>
    <subfield code="c">&#xE19;&#xE31;&#xE01;&#xE28;&#xE36;&#xE01;&#xE29;&#xE32;&#xE2A;&#xE16;&#xE32;&#xE1A;&#xE31;&#xE19;&#xE1E;&#xE23;&#xE30;&#xE1B;&#xE01;&#xE40;&#xE01;&#xE25;&#xE49;&#xE32; &#xE2B;&#xE25;&#xE31;&#xE01;&#xE2A;&#xE39;&#xE15;&#xE23;&#xE01;&#xE32;&#xE23;&#xE1E;&#xE31;&#xE12;&#xE19;&#xE32;&#xE19;&#xE31;&#xE01;&#xE1A;&#xE23;&#xE34;&#xE2B;&#xE32;&#xE23;&#xE23;&#xE30;&#xE14;&#xE31;&#xE1A;&#xE2A;&#xE39;&#xE07; &#xE2A;&#xE33;&#xE2B;&#xE23;&#xE31;&#xE1A;&#xE02;&#xE49;&#xE32;&#xE23;&#xE32;&#xE0A;&#xE01;&#xE32;&#xE23;&#xE23;&#xE31;&#xE10;&#xE2A;&#xE20;&#xE32;&#xE2A;&#xE32;&#xE21;&#xE31;&#xE0D; &#xE23;&#xE38;&#xE48;&#xE19;&#xE17;&#xE35;&#xE48; 10 &#xE01;&#xE25;&#xE38;&#xE48;&#xE21;&#xE17;&#xE35;&#xE48; 1 ; &#xE2A;&#xE16;&#xE32;&#xE1A;&#xE31;&#xE19;&#xE1E;&#xE23;&#xE30;&#xE1B;&#xE01;&#xE40;&#xE01;&#xE25;&#xE49;&#xE32;.</subfield>
  </datafield>
  <datafield tag="260" ind1=" " ind2=" ">
    <subfield code="a">&#xE01;&#xE23;&#xE38;&#xE07;&#xE40;&#xE17;&#xE1E;&#xE2F; :</subfield>
    <subfield code="b">&#xE2A;&#xE16;&#xE32;&#xE1A;&#xE31;&#xE19;&#xE1E;&#xE23;&#xE30;&#xE1B;&#xE01;&#xE40;&#xE01;&#xE25;&#xE49;&#xE32;,</subfield>
    <subfield code="c">2560.</subfield>
  </datafield>
  <datafield tag="300" ind1=" " ind2=" ">
    <subfield code="a">84 &#xE2B;&#xE19;&#xE49;&#xE32; :</subfield>
    <subfield code="b">&#xE20;&#xE32;&#xE1E;&#xE1B;&#xE23;&#xE30;&#xE01;&#xE2D;&#xE1A;, &#xE15;&#xE32;&#xE23;&#xE32;&#xE07; ;</subfield>
    <subfield code="c">29 &#xE0B;&#xE21;. </subfield>
  </datafield>
  <datafield tag="650" ind1=" " ind2="0">
    <subfield code="a">&#xE02;&#xE49;&#xE32;&#xE23;&#xE32;&#xE0A;&#xE01;&#xE32;&#xE23;&#xE23;&#xE31;&#xE10;&#xE2A;&#xE20;&#xE32;&#xE2A;&#xE32;&#xE21;&#xE31;&#xE0D;</subfield>
    <subfield code="9">29744</subfield>
  </datafield>
  <datafield tag="650" ind1=" " ind2="0">
    <subfield code="a">&#xE1B;&#xE23;&#xE30;&#xE0A;&#xE32;&#xE04;&#xE21;&#xE40;&#xE28;&#xE23;&#xE29;&#xE10;&#xE01;&#xE34;&#xE08;&#xE2D;&#xE32;&#xE40;&#xE0B;&#xE35;&#xE22;&#xE19;</subfield>
    <subfield code="9">2906</subfield>
  </datafield>
  <datafield tag="700" ind1="0" ind2=" ">
    <subfield code="9">42640</subfield>
    <subfield code="a">&#xE40;&#xE01;&#xE35;&#xE22;&#xE23;&#xE15;&#xE34;&#xE04;&#xE38;&#xE13; &#xE01;&#xE2D;&#xE13;&#xE35;&#xE19;&#xE31;&#xE22;</subfield>
  </datafield>
  <datafield tag="700" ind1="0" ind2=" ">
    <subfield code="9">45523</subfield>
    <subfield code="a">&#xE09;&#xE31;&#xE19;&#xE17;&#xE19;&#xE32; &#xE04;&#xE33;&#xE01;&#xE31;&#xE21;&#xE1E;&#xE25;</subfield>
  </datafield>
  <datafield tag="700" ind1="0" ind2=" ">
    <subfield code="9">43688</subfield>
    <subfield code="a">&#xE0A;&#xE25;&#xE31;&#xE22;&#xE22;&#xE01;&#xE23; &#xE28;&#xE34;&#xE27;&#xE30;&#xE40;&#xE2A;&#xE19;</subfield>
  </datafield>
  <datafield tag="700" ind1="0" ind2=" ">
    <subfield code="9">45563</subfield>
    <subfield code="a">&#xE1A;&#xE38;&#xE28;&#xE23;&#xE32; &#xE40;&#xE1E;&#xE47;&#xE07;&#xE19;&#xE38;&#xE48;&#xE21;</subfield>
  </datafield>
  <datafield tag="700" ind1="0" ind2=" ">
    <subfield code="9">45577</subfield>
    <subfield code="a">&#xE20;&#xE31;&#xE2A;&#xE2A;&#xE38;&#xE20;&#xE32;&#xE07;&#xE04;&#xE4C; &#xE1E;&#xE31;&#xE19;&#xE18;&#xE27;&#xE07;&#xE28;&#xE4C;</subfield>
  </datafield>
  <datafield tag="700" ind1="0" ind2=" ">
    <subfield code="9">45590</subfield>
    <subfield code="a">&#xE23;&#xE38;&#xE48;&#xE07;&#xE23;&#xE27;&#xE35; &#xE27;&#xE23;&#xE23;&#xE13;&#xE08;&#xE35;&#xE23;&#xE30;</subfield>
  </datafield>
  <datafield tag="700" ind1="0" ind2=" ">
    <subfield code="9">45596</subfield>
    <subfield code="a">&#xE27;&#xE34;&#xE20;&#xE39;&#xE2A;&#xE19;&#xE32; &#xE2A;&#xE32;&#xE04;&#xE23;&#xE34;&#xE15;&#xE0A;&#xE32;&#xE19;&#xE31;&#xE19;&#xE17;&#xE4C;</subfield>
  </datafield>
  <datafield tag="700" ind1="0" ind2=" ">
    <subfield code="9">45597</subfield>
    <subfield code="a">&#xE27;&#xE34;&#xE42;&#xE23;&#xE08;&#xE19;&#xE4C; &#xE19;&#xE38;&#xE48;&#xE19;&#xE2A;&#xE38;&#xE27;&#xE23;&#xE23;&#xE13;&#xE4C;</subfield>
  </datafield>
  <datafield tag="700" ind1="0" ind2=" ">
    <subfield code="9">42645</subfield>
    <subfield code="a">&#xE2D;&#xE18;&#xE34;&#xE19;&#xE35; &#xE1E;&#xE07;&#xE29;&#xE4C;&#xE2A;&#xE34;&#xE19;</subfield>
  </datafield>
  <datafield tag="710" ind1="2" ind2=" ">
    <subfield code="a">&#xE2A;&#xE16;&#xE32;&#xE1A;&#xE31;&#xE19;&#xE1E;&#xE23;&#xE30;&#xE1B;&#xE01;&#xE40;&#xE01;&#xE25;&#xE49;&#xE32;</subfield>
    <subfield code="9">2339</subfield>
  </datafield>
  <datafield tag="850" ind1=" " ind2=" ">
    <subfield code="a">NALT</subfield>
  </datafield>
  <datafield tag="942" ind1=" " ind2=" ">
    <subfield code="c">IS</subfield>
    <subfield code="2">local</subfield>
  </datafield>
  <datafield tag="999" ind1=" " ind2=" ">
    <subfield code="c">97067</subfield>
    <subfield code="d">97067</subfield>
  </datafield>
  <datafield tag="998" ind1=" " ind2=" ">
    <subfield code="j">104</subfield>
    <subfield code="k"> &#xE19;&#xE32;&#xE07;&#xE2A;&#xE32;&#xE27;&#xE2A;&#xE32;&#xE22;&#xE1D;&#xE19;  &#xE14;&#xE35;&#xE07;&#xE32;&#xE21;</subfield>
  </datafield>
  <datafield tag="952" ind1=" " ind2=" ">
    <subfield code="0">0</subfield>
    <subfield code="1">0</subfield>
    <subfield code="2">local</subfield>
    <subfield code="4">0</subfield>
    <subfield code="7">0</subfield>
    <subfield code="8">CIS</subfield>
    <subfield code="a">NALT</subfield>
    <subfield code="b">NALT</subfield>
    <subfield code="c">IS</subfield>
    <subfield code="d">2020-06-19</subfield>
    <subfield code="l">0</subfield>
    <subfield code="o">IS 10/2560 &#xE01;.1</subfield>
    <subfield code="p">3961210675</subfield>
    <subfield code="r">2020-06-26 00:00:00</subfield>
    <subfield code="w">2020-06-19</subfield>
    <subfield code="y">IS</subfield>
  </datafield>
</record>
